Vybrané kapitoly z dejín sociálno-politického myslenia

Bibliographic Details
Main Authors: Gbúrová, Marcela, 1954- (Author), Koziak, Tomáš, 1972- (Author), Dobiaš, Daniel, 1972- (Author)
Format: Book
Language:Slovak
PhysicalDescription:111 s. 24 cm
Published: Košice Univerzita Pavla Jozefa Šafárika 2015
ISBN:9788081522796
Edition:Vyd. 1.
Series:Vysokoškolské učebné texty
Subjects:

MARC

LEADER 00000nam a2200000 a 4500
001 vtls011602578
003 SK-MaSNL
005 20260302085431.0
008 240318s2015 xo f np 000 0 slo
015 |a SNBA2017/01 
020 |a 9788081522796  |q (viazané) 
035 |a D78A6BD4-5361-4369-8798-20E02BF10493 
035 |a urn:nbn:sk:snk-amtitb 
035 |a urn:nbn:sk:snk-am00c39y 
040 |a SNK  |b slo  |c SNK  |e AACR2 
041 0 |a slo 
044 |a xo  |c SK 
072 7 |a 321  |x Politológia  |2 konspekt 
072 7 |a 101  |x Filozofia  |2 konspekt 
072 7 |a 37.016  |x Učebné osnovy. Vyučovacie predmety. Učebnice  |2 konspekt 
080 |a 321  |2 2011 
080 |a 165.742  |2 2011 
080 |a 101.8  |2 2011 
080 |a (075.8)  |2 2011 
100 1 |a Gbúrová, Marcela,  |d 1954-  |4 aut  |9 88173 
245 1 0 |a Vybrané kapitoly z dejín sociálno-politického myslenia  |c Marcela Gbúrová, Tomáš Koziak, Daniel Dobiaš 
250 |a Vyd. 1. 
260 |a Košice  |b Univerzita Pavla Jozefa Šafárika  |c 2015 
300 |a 111 s.  |c 24 cm 
366 |e 300 výt. 
490 1 |a Vysokoškolské učebné texty 
504 |a Bibliogr.: s. 110-111 ; bibliogr. odkazy 
650 0 7 |a politické myslenie  |2 SNKPH  |9 4685 
650 0 7 |a Political thought  |2 SNKPHeng  |9 312823 
650 0 7 |a humanizmus  |2 SNKPH  |9 20277 
650 0 7 |a Humanism  |2 SNKPHeng  |9 331841 
650 0 7 |a liberalizmus  |2 SNKPH  |9 17721 
650 0 7 |a Liberalism  |2 SNKPHeng  |9 330048 
650 0 7 |a filozofické myslenie  |2 SNKPH  |9 1642 
650 0 7 |a Philosophical thought  |2 SNKPHeng  |9 291107 
655 7 |a učebnice vysokých škôl  |2 SNKPH  |9 70191 
655 7 |a Textbooks (higher)  |2 SNKPHeng  |9 276436 
700 1 |a Koziak, Tomáš, 1972-  |4 aut  |9 105330 
700 1 |a Dobiaš, Daniel,  |d 1972-  |4 aut  |9 238448 
810 2 |a Univerzita Pavla Jozefa Šafárika v Košiciach.  |b Filozofická fakulta  |t Vysokoškolské učebné texty  |9 277104 
919 |a 978-80-8152-279-6 
958 |a TL 
958 |a NB 
958 |a SP 
958 |a UV 
999 |c 1192136  |d 1194066 
952 |a SNK  |b SNK  |y PREZ  |7 0  |p 17A1250645  |o snkSC 172464  |i snk2017/300  |8 0  |0 0  |1 0  |4 0  |d 2017-01-05  |f 1  |l 0  |r 2025-09-10 00:00:00  |w 2026-02-24 
952 |a SNK  |b SNK  |y VYP  |7 0  |p 17A1250646  |o snkSC 172464 D1  |i snk2017/301  |8 0  |0 0  |1 0  |4 0  |d 2017-01-05  |l 0  |r 2026-02-24 22:15:23  |w 2026-02-24